| 000 | 00778nam a2200241Ia 4500 | ||
|---|---|---|---|
| 003 | OSt | ||
| 005 | 20220925213922.0 | ||
| 006 | a|||||r|||| 00| 0 | ||
| 007 | ta | ||
| 008 | 220923b |||||||| |||| 00| 0 eng d | ||
| 020 |
_a9780826439239 _c1405.9000000000001 |
||
| 037 |
_b9716, 26/10/2010, Elite Publisher Distributors _cGeneral Book |
||
| 040 |
_aRTL _cRTL _beng |
||
| 041 |
_2eng _aeng |
||
| 082 | _aRxN25, P9 | ||
| 100 |
_aHolland Eugene W _918232 |
||
| 245 | 0 |
_aGilles Deleuze _b Image and text |
|
| 260 |
_aLondon _bContinuum International Publishing _c2009 |
||
| 300 |
_axi, 276p _ccm. |
||
| 650 | _aSociology | ||
| 942 |
_hRxN25, P9 _cGB _2CC |
||
| 999 |
_c564022 _d564022 |
||